00547 2200205 4500001002100000005001500021035002000036007000300056008004100059082001300100084001900113100001900132245003800151250001100189260004700200300003900247650001700286020002200303990001600325INLIS00000000000105020210809070116 a0010-0821000026ta210809 g 1 ind  a741.5592 a741.5592 FUJ d0 aFujiko F Fujio1 aDoraemon vol. 0 /cFujiko F Fujio acet. 1 aJakarta :bPT Elex Media Komputindo,c2021 a121 hlm. :bIlus. ;c12 cm X 18 cm aKomik Jepang a978-623-00-2596-9 a00000011168